Normal view
MARC view
Entry Personal Name
001 - CONTROL NUMBER
- control field: 80676
003 - CONTROL NUMBER IDENTIFIER
- control field: dpl
005 - DATE AND TIME OF LATEST TRANSACTION
- control field: 20250417143253.0
008 - FIXED-LENGTH DATA ELEMENTS
- fixed length control field: 250417|| aca||aabn | a|a d
040 ## - CATALOGING SOURCE
- Original cataloging agency: dpl
- Transcribing agency: dpl
100 ## - HEADING--PERSONAL NAME
- Personal name: जस्सल,प्रेमदास
670 ## - SOURCE DATA FOUND
- Source citation: Work cat.: (dpl)211010: जस्सल,प्रेमदास , संतो के सिरमौर भगवान रविदास/, 2016
